<?xml version="1.0" encoding="UTF-8"?>
<marc:record xmlns:marc="http://www.loc.gov/MARC21/slim">
   <marc:leader>00000nam a2200000 a 4500</marc:leader>
   <marc:datafield ind1="1" ind2=" " tag="100">
      <marc:subfield code="a">Gay, Jutta</marc:subfield>
      <marc:subfield code="4">ctb</marc:subfield>
      <marc:subfield code="e">Mitwirkende/-r</marc:subfield>
   </marc:datafield>
   <marc:datafield ind1=" " ind2=" " tag="653">
      <marc:subfield code="a">Geschenk</marc:subfield>
   </marc:datafield>
   <marc:datafield ind1=" " ind2=" " tag="653">
      <marc:subfield code="a">Lebensmittel</marc:subfield>
   </marc:datafield>
   <marc:datafield ind1=" " ind2=" " tag="653">
      <marc:subfield code="a">Softcover / Ratgeber/Essen</marc:subfield>
   </marc:datafield>
   <marc:datafield ind1=" " ind2=" " tag="653">
      <marc:subfield code="a">Trinken</marc:subfield>
   </marc:datafield>
   <marc:datafield ind1=" " ind2=" " tag="653">
      <marc:subfield code="a">Kochbuch</marc:subfield>
   </marc:datafield>
   <marc:datafield ind1="0" ind2="0" tag="245">
      <marc:subfield code="a">Köstliche Geschenke aus der Küche selber machen</marc:subfield>
   </marc:datafield>
   <marc:datafield ind1="0" ind2="0" tag="245">
      <marc:subfield code="b">extra: 12 wunderschöne Schmuck-Etiketten zum Selbstbeschriften und Aufkleben</marc:subfield>
   </marc:datafield>
   <marc:datafield ind1="0" ind2="0" tag="245">
      <marc:subfield code="c">Rezepte: Jutta Gay. Fotos: Studio Klaus Arras</marc:subfield>
   </marc:datafield>
   <marc:datafield ind1=" " ind2="1" tag="264">
      <marc:subfield code="a">Köln</marc:subfield>
      <marc:subfield code="b">Naumann &amp; Göbel</marc:subfield>
   </marc:datafield>
   <marc:datafield ind1="1" ind2=" " tag="520">
      <marc:subfield code="a">Angaben aus der Verlagsmeldung

Köstliche Geschenke aus der Küche selber machen : Extra: 12 wunderschöne Schmuck-Etiketten zum Selbstbeschriften und Aufkleben

Geschenke, die von Herzen kommen! Ob als kulinarische Aufmerksamkeit, individuelles Dankeschön, kreatives Geschenk oder auch für den Eigenbedarf - Selbstgemachtes aus der Küche ist immer etwas ganz Besonderes. Mit unserer sorgfältig zusammengestellten Rezeptsammlung für selbst gemachte Leckereien können Sie liebevolle Geschenke zaubern, die garantiert jeden erfreuen.

Ob pikant eingelegter Ziegenkäse, Nektarinensenf mit Orangenschale, Chili-Kräuter-Öl, Erdbeer-Schokoladen-Marmelade, Zimt-Sauerkirschen in Weinbrand, Rübli-Kuchen im Glas oder Butter-Vanille-Trüffel - für jeden Geschmack und für jeden Anlass ist das Passende dabei. Alle Delikatessen sind zum Anbeissen schön und bestechen durch ihre ganz persönliche Note.

Lassen Sie sich inspirieren von unseren köstlichen und dekorativen Geschenkideen, und überraschen Sie Freunde und Familie mit originellen Mitbringseln, die von Herzen kommen.

</marc:subfield>
   </marc:datafield>
   <marc:datafield ind1=" " ind2=" " tag="020">
      <marc:subfield code="a">9783625132646</marc:subfield>
      <marc:subfield code="9">9783625132646</marc:subfield>
   </marc:datafield>
   <marc:datafield ind1=" " ind2=" " tag="041">
      <marc:subfield code="a">ger</marc:subfield>
   </marc:datafield>
   <marc:datafield ind1=" " ind2=" " tag="300">
      <marc:subfield code="a">158 S.</marc:subfield>
   </marc:datafield>
</marc:record>
